Out of line: (Record no. 89367)
[ view plain ]
| 000 -LEADER | |
|---|---|
| fixed length control field | 00715nam a22001937a 4500 |
| 005 - DATE AND TIME OF LATEST TRANSACTION | |
| control field | 20150304150520.0 |
| 010 ## - LCCN (DPL NO) | |
| LC control number | BAC-EN21 |
| 020 ## - INTERNATIONAL STANDARD BOOK NUMBER | |
| International Standard Book Number | 9789350365952 |
| Terms of availability | 699.00 |
| 035 ## - SYSTEM CONTROL NUMBER | |
| System control number | B-592174-180 |
| 037 ## - SOURCE OF ACQUISITION | |
| Source of stock number/acquisition | UBH/Ven |
| Stock number | dpl |
| 082 ## - DEWEY DECIMAL CLASSIFICATION NUMBER | |
| Classification number | 921 |
| 100 ## - MAIN ENTRY--PERSONAL NAME | |
| Personal name | Menon, Ritu |
| 245 ## - TITLE STATEMENT | |
| Title | Out of line: |
| Statement of responsibility, etc | by Ritu Menon |
| Remainder of title | a literary and political biography of Nayantara Sahgal/ |
| 260 ## - PUBLICATION, DISTRIBUTION, ETC. (IMPRINT) | |
| Place of publication, distribution, etc | Noida |
| Name of publisher, distributor, etc | Fourth Estate: an imprint of HarperCollins Publishers |
| Date of publication, distribution, etc | 2014 |
| 270 ## - ADDRESS | |
| Address | A-75, Sector 57 |
| City | Noida, Uttar Pradesh |
| Postal code | 201301, India |
| 300 ## - PHYSICAL DESCRIPTION | |
| Extent | xii, 388p. |
| Dimensions | 23cm. (pbk) |
| Other physical details | B&W photos |
| 942 ## - ADDED ENTRY ELEMENTS (KOHA) | |
| Source of classification or shelving scheme | Dewey Decimal Classification |
| Item type | English Books |
| Classification part | 921 |
| Call number suffix | MEN |
| Withdrawn status | Lost status | Not for loan | Collection code | Home library | Current library | Date acquired | Source of acquisition | Cost, normal purchase price | Full call number | Barcode | Copy number | Cost, replacement price | Koha item type |
|---|---|---|---|---|---|---|---|---|---|---|---|---|---|
| Non-fiction | Central Library | Central Library | 04/03/2015 | UBH/249/15.01.2015/190/08.12.2014/06.02.2015 | 699.00 | 921 MEN | B-592174 | 1 | 699.00 | English Books | |||
| Non-fiction | Janak Puri | Janak Puri | 04/03/2015 | UBH/249/15.01.2015/190/08.12.2014/06.02.2015 | 699.00 | 921 MEN | B-592176 | 1 | 699.00 | English Books | |||
| Non-fiction | Karol Bagh | Karol Bagh | 04/03/2015 | UBH/249/15.01.2015/190/08.12.2014/06.02.2015 | 699.00 | 921 MEN | B-592179 | 1 | 699.00 | English Books | |||
| Non-fiction | Patel Nagar | Patel Nagar | 04/03/2015 | UBH/249/15.01.2015/190/08.12.2014/06.02.2015 | 699.00 | 921 MEN | B-592175 | 1 | 699.00 | English Books | |||
| Non-fiction | Sarojini Nagar | Sarojini Nagar | 04/03/2015 | UBH/249/15.01.2015/190/08.12.2014/06.02.2015 | 699.00 | 921 MEN | B592177 | 1 | 699.00 | English Books | |||
| Written-off vide DLB M. No. 383 dt 16.05.19 | Non-fiction | Shahdara Branch | Shahdara Branch | 04/03/2015 | UBH/249/15.01.2015/190/08.12.2014/06.02.2015 | 699.00 | 921 MEN | B-592180 | 1 | 699.00 | English Books | ||
| Non-fiction | Vinoba Puri | Vinoba Puri | 04/03/2015 | UBH/249/15.01.2015/190/08.12.2014/06.02.2015 | 699.00 | 921 MEN | B-592178 | 1 | 699.00 | English Books |
